书目信息 |
| 题名: |
除尘工程设计手册
|
|
| 作者: | 张殿印 , 王纯 主编 | |
| 分册: | ||
| 出版信息: | 北京 化学工业出版社 2003.01 |
|
| 页数: | 691页 | |
| 开本: | 26cm | |
| 丛书名: | ||
| 单 册: | ||
| 中图分类: | X964-62 | |
| 科图分类: | ||
| 主题词: | 劳动卫生--卫生工程 | |
| 电子资源: | ||
| ISBN: | 7-5025-4484-4 | |
| 000 | 00625nam0 2200205 45 | |
| 001 | 0431663053 | |
| 005 | 20070529084156.62 | |
| 010 | @a7-5025-4484-4@b精装@dCNY 98.00 | |
| 100 | @a20040428d2003 km y0chiy0120 ea | |
| 101 | 0 | @achi |
| 102 | @aCN@b110000 | |
| 200 | 1 | @a除尘工程设计手册@AChu Chen Gong Cheng She Ji Shou Ce@f张殿印,王纯主编@FZhang Dian Yin,Wang Chun Zhu Bian |
| 210 | @a北京@c化学工业出版社@d2003.01 | |
| 215 | @a691页@d26cm | |
| 606 | 0 | @a劳动卫生@x卫生工程 |
| 690 | @aX964-62@v3 | |
| 701 | 0 | @a张殿印@AZhang Dian Yin@4主编 |
| 701 | 0 | @a王纯@AWang Chun@4主编 |
| 801 | 0 | @aCN@c20070529 |
| 905 | @dX964-62@eZ098 | |
| 除尘工程设计手册/张殿印,王纯主编.-北京:化学工业出版社,2003.01 |
| 691页;26cm |
| ISBN 7-5025-4484-4(精装):CNY 98.00 |
| ● |
| 相关链接 |
|
|
|
正题名:除尘工程设计手册
索取号:X964-62/Z098
 
预约/预借
| 序号 | 登录号 | 条形码 | 馆藏地/架位号 | 状态 | 备注 |
| 1 | 234219 | 202342198 | 期刊室512/501自科库 123排1列2层/ [索取号:X964-62/Z098] | 在馆 | |
| 2 | 234220 | 202342205 | 自科库501/501自科库 123排1列2层/ [索取号:X964-62/Z098] | 在馆 | |
| 3 | 234221 | 202342214 | 自科库501/501自科库 123排1列2层/ [索取号:X964-62/Z098] | 在馆 | |
| 4 | 389727 | 203897275 | 期刊室512/501自科库 123排1列2层/ [索取号:X964-62/Z098] | 在馆 | |
| 5 | 389728 | 203897284 | 自科二线504/504自科库 12排2列2层/ [索取号:X964-62/Z098] | 在馆 |